| 000 | 00649nam a22001817a 4500 | ||
|---|---|---|---|
| 003 | OSt | ||
| 005 | 20250729104103.0 | ||
| 008 | 241126b |||||||| |||| 00| 0 spa d | ||
| 037 | _bDonación | ||
| 040 |
_aCO-JMCR _bspa _cCO-JMCR _dCO-JMCR _erda |
||
| 041 | 0 | 0 | _aspa |
| 082 | 0 | 4 |
_223 _a338.9 _bB46r |
| 100 | 1 |
_aBenko, Francois, _eautor _943937 |
|
| 245 | 1 |
_aLa revolucion industrial en el mundo : _bun ensayo de sintesis de los hechos de desarrollo / _cFrancois Benko. |
|
| 260 |
_aCaracas : _bFacultad de Arquitectura y Urbanismo de la Universidad Central de Venezuela, _c©1965. |
||
| 300 |
_a181 páginas : _bilustraciones ; _c22 cm. |
||
| 942 |
_2ddc _cBK |
||
| 999 |
_c30892 _d17276 |
||